Linear algebra (Record no. 14277)

MARC details
000 -LEADER
fixed length control field 00601nam a2200277Ia 4500
001 - CONTROL NUMBER
control field 117420
003 - CONTROL NUMBER IDENTIFIER
control field YMCAF
005 - DATE AND TIME OF LATEST TRANSACTION
control field 20230512163233.0
008 - FIXED-LENGTH DATA ELEMENTS--GENERAL INFORMATION
fixed length control field 160810s2002 ||||||||||||||||| ||und|d
020 ## - INTERNATIONAL STANDARD BOOK NUMBER
International Standard Book Number 9789332550070
024 ## - OTHER STANDARD IDENTIFIER
Standard number or code 117420
035 ## - SYSTEM CONTROL NUMBER
System control number 45253
040 ## - CATALOGING SOURCE
Original cataloging agency YMCAF
Language of cataloging eng
Transcribing agency IN-KoLT
041 ## - LANGUAGE CODE
Language code of text/sound track or separate title eng
082 ## - DEWEY DECIMAL CLASSIFICATION NUMBER
Classification number 512.5
Item number HOF
100 ## - MAIN ENTRY--PERSONAL NAME
Personal name Hoffman, Kenneth
245 #0 - TITLE STATEMENT
Title Linear algebra
250 ## - EDITION STATEMENT
Edition statement 2nd
260 ## - PUBLICATION, DISTRIBUTION, ETC.
Place of publication, distribution, etc. Delhi
Name of publisher, distributor, etc. PHI
Date of publication, distribution, etc. 2002
300 ## - PHYSICAL DESCRIPTION
Extent 407
500 ## - GENERAL NOTE
General note reprint 2016
653 ## - INDEX TERM--UNCONTROLLED
Uncontrolled term Algebra
653 ## - INDEX TERM--UNCONTROLLED
Uncontrolled term Mathematics
700 ## - ADDED ENTRY--PERSONAL NAME
Personal name Kunze, Ray
942 ## - ADDED ENTRY ELEMENTS (KOHA)
Source of classification or shelving scheme Dewey Decimal Classification
Koha item type Books
Holdings
Withdrawn status Lost status Damaged status Not for loan Home library Current library Date acquired Total Checkouts Barcode Date due Date last seen Date last checked out Price effective from Koha item type Public note
        JC Bose University of Science & Technology JC Bose University of Science & Technology 10/08/2016 1 45255 09/04/2025 09/04/2024 09/04/2024 12/05/2023 Books C
        JC Bose University of Science & Technology JC Bose University of Science & Technology 10/08/2016 1 45253 09/04/2025 09/04/2024 09/04/2024 12/05/2023 Books C
        JC Bose University of Science & Technology JC Bose University of Science & Technology 10/08/2016 1 45254 24/01/2025 25/01/2024 25/01/2024 12/05/2023 Books C